Física 2º educación media: guía didáctica del docente
Salvato in:
| Autori principali: | , |
|---|---|
| Ente Autore: | |
| Altri autori: | |
| Natura: | Libro |
| Lingua: | spagnolo |
| Pubblicazione: |
Santiago
Santillana del Pacífico
2011
|
| Edizione: | 3a. ed |
| Soggetti: | |
| Tags: |
Aggiungi Tag
Nessun Tag, puoi essere il primo ad aggiungerne!!
|
MARC
| LEADER | 00000cam a2200000 a 4500 | ||
|---|---|---|---|
| 001 | UCE6877 | ||
| 003 | CL-VaPUC | ||
| 008 | 150507e20111000cl |||||||||||||||||spa|d | ||
| 020 | |a 9789561515635 | ||
| 082 | 0 | 4 | |a 530.712 |b HER |2 21 |
| 100 | |a Herrera Aguayo, Macarena |e author |9 579537 | ||
| 700 | 0 | |a Fernández Nova, Roberto |e author |9 579531 | |
| 700 | |a Moncada Mijic, Felipe |e autor |9 595423 | ||
| 110 | 2 | |a Ministerio de Educación |e author |9 579533 | |
| 245 | 1 | 0 | |a Física 2º educación media: guía didáctica del docente |
| 250 | |a 3a. ed | ||
| 300 | |a 208 p | ||
| 942 | |c BK | ||
| 945 | |d 20150507 00:22:00 |a arojas | ||
| 260 | |a Santiago |b Santillana del Pacífico |c 2011 | ||
| 500 | |a Incluye texto del estudiante | ||
| 500 | |a Edición especial para el Ministerio de Educación | ||
| 650 | 0 | |a enseñanza de la física |9 339846 | |
| 650 | 0 | |a Métodos de enseñanza |9 270413 | |
| 650 | 0 | |a Libros de texto |9 270019 | |
| 583 | |a last modification |c 20150507 00:22:00 |k Rodrigo Vera | ||
| 999 | |c 359056 |d 359054 | ||
| 952 | |0 0 |1 0 |3 erb |4 0 |6 530_712000000000000_HER_2011 |7 0 |8 A |9 468074 |a BIBEDU |b BIBEDU |i 5148707 |o 530.712 HER 2011 |p 5148707 |r 2019-11-23 |w 2019-11-23 |y BK |z Catalogado en:20150507 |k EPE | ||